000 00666nam a2200229Ia 4500
001 9629
003 GE_BSU
008 181216s||||||||xx |||||||||||||| ||und||
040 _cGE_BSU
080 _a821.353.1-31
100 _aმრელაშვილი,ლადო
245 _aყაბახი
245 _bრომანი
245 _cრედ:ც.ქაროსანიძე;მხატვ:თ.მირზაშვილი
260 _aთბილისი.
260 _bმერანი.
260 _c1972
300 _a846გვ;22სმ.ილ.
653 _aრომანი
653 _aყაბახი
942 _cBK
999 _c42913
_d42913